LEADER 00648nam0 2200229 450 001 000006743 005 20060323114526.0 010 $a88-243-1469-4 100 $a20060323d2003----km-y0itay50------ba 101 0 $aita 102 $aIT 105 $ay-------001yy 200 1 $aManuale di diritto del lavoro$fRenato Scognamiglio 210 $aNapoli$cJovene$d2003 215 $aXVII, 523 p.$d24 cm 676 $a344.01$v20 700 1$aScognamiglio,$bRenato$0132941 801 0$aIT$bUNIPARTHENOPE$c20060323$gRICA$2UNIMARC 912 $a000006743 951 $aP-0002$b36799$cNAVA3 996 $aManuale di diritto del lavoro$9271875 997 $aUNIPARTHENOPE LEADER 00938nam0-22003131i-450- 001 990005419570403321 005 20071004124344.0 035 $a000541957 035 $aFED01000541957 035 $a(Aleph)000541957FED01 035 $a000541957 100 $a19990604d1968----km-y0itay50------ba 101 0 $aita 102 $aIT 105 $af-------00--- 200 1 $aLibertà e tramonti di libertà nello stato sabaudo del Cinquecento$fLino Marini 210 $aBologna$cPatron$d1968 215 $av.$d22 cm 225 1 $aStoria moderna 327 0 $a1.: Studi e documenti fino al 1560 676 $a945.107 700 1$aMarini,$bLino$f<1924-2005>$0136156 801 0$aIT$bUNINA$gRICA$2UNIMARC 901 $aBK 912 $a990005419570403321 952 $a945.107 MAR 1(1)$bST. MED. MOD. 5668$fFLFBC 959 $aFLFBC 996 $aLibertà e tramonti di libertà nello stato sabaudo del Cinquecento$9590828 997 $aUNINA LEADER 01289nam0 22003013i 450 001 SUN0114842 005 20180213121907.544 010 $a8-88-420-9192-9$d0.00 100 $a20180213d2010 |0itac50 ba 101 $aita 102 $aIT 105 $a|||| ||||| 200 1 $aLa *democrazia in nove lezioni$eper la buona politica$fa cura di Michelangelo Bovero e Valentina Pazé$gcontributi di Michelangelo Bovero ... [et al.] 210 $aRoma$aBari$cLaterza$d2010 215 $aX, 191 p.$d19 cm 410 1$1001SUN0003648$12001 $aSaggi tascabili Laterza$v332$1210 $aRoma$aBari$cLaterza. 606 $aDemocrazia$2SP$3SUNC033944 620 $dRoma$3SUNL000360 676 $a321.4$cDemocrazia pura$v22 702 1$aBovero$b, Michelangelo$3SUNV004568 702 1$aPazé$b, Valentina$3SUNV088866 712 $aLaterza$3SUNV000002$4650 801 $aIT$bSOL$c20181109$gRICA 912 $aSUN0114842 950 $aUFFICIO DI BIBLIOTECA DEL DIPARTIMENTO DI SCIENZE POLITICHE JEAN MONNET$d04 CONS VI.A.a.262 $e04 OMA1533 995 $aUFFICIO DI BIBLIOTECA DEL DIPARTIMENTO DI SCIENZE POLITICHE JEAN MONNET$gOMA$h1533$kCONS VI.A.a.262$op$qa 996 $aDemocrazia in nove lezioni$9227219 997 $aUNICAMPANIA